Project management interview questions (Record no. 180624)

000 -LEADER
fixed length control field 00402nam a2200133Ia 4500
008 - FIXED-LENGTH DATA ELEMENTS--GENERAL INFORMATION
fixed length control field 220217s9999||||xx |||||||||||||| ||und||
020 ## - INTERNATIONAL STANDARD BOOK NUMBER
International Standard Book Number 978-81-8333-257-6
082 ## - DEWEY DECIMAL CLASSIFICATION NUMBER
Classification number 658.404 KOI
100 ## - MAIN ENTRY--PERSONAL NAME
Personal name Koirala, Shivaprasad and Sheikh, Shaam
245 #0 - TITLE STATEMENT
Title Project management interview questions
260 ## - PUBLICATION, DISTRIBUTION, ETC.
Place of publication, distribution, etc. BPB publications
Name of publisher, distributor, etc. New Delhi
Date of publication, distribution, etc. 2008
300 ## - PHYSICAL DESCRIPTION
Extent XX,207p.;28cm
Other physical details 180
650 ## - SUBJECT ADDED ENTRY--TOPICAL TERM
Topical term or geographic name entry element MANAGEMENT
Holdings
Withdrawn status Lost status Damaged status Not for loan Collection code Home library Current library Shelving location Date acquired Full call number Barcode Date last seen Price effective from Koha item type
        Computer Science and Engineering Central Library Central Library Book Cart 02/18/2022 658.404 KOI 15813 02/18/2022 02/18/2022 Books

Powered by Koha